MARC

LEADER 00000nam0a2200000 4500
001 152879
005 20231101221643.0
010 |a 9785824310665  |b (в пер.)  |b 1000 экз. 
021 |a RU  |b 08-79829  |9 08-4636 
035 |a (RuTPU)RU\TPU\book\165748 
090 |a 152879 
100 |a 20081119d2008 k y0rusy5002 ca 
101 0 |a rus 
102 |a RU 
105 |a a z 000zy 
200 1 |a Экономические записки  |f Е. Т. Гайдар, А. Б. Чубайс 
210 |a Москва  |c РОССПЭН  |d 2008 
215 |a 182, [2] с.  |c ил.  |d 21 см. 
606 1 |a Экономика  |x Россия  |2 stltpush  |3 (RuTPU)RU\TPU\subj\37358  |9 58389 
610 1 |a экономическая теория 
610 1 |a финансы 
610 1 |a нефть 
610 1 |a Российская Федерация 
610 1 |a стабилизационный фонд 
610 1 |a нефтяные доходы 
610 1 |a приватизация 
610 1 |a бюджетный консерватизм 
610 1 |a экономическая конъюнктура 
610 1 |a электроэнергетика 
610 1 |a экономические реформы 
610 1 |a энергопотребление 
610 1 |a экономический рост 
610 1 |a газоснабжение 
686 |a У9(2)0-18  |v LBC/SL-A  |2 rubbk 
700 1 |a Гайдар  |b Е. Т.  |g Егор Тимурович  |4 070 
701 1 |a Чубайс  |b А. Б.  |g Анатолий Борисович  |4 070 
801 1 |a RU  |b 63413507  |c 20090205  |g PSBO 
801 2 |a RU  |b 63413507  |c 20120917  |g PSBO 
942 |c BK 
959 |a 18/20090203  |d 1  |e 165,00  |f ЧЗГЛ:1